Tribhuvan University Central Library

Introduction to the theory of Fourier's series and integrals (Record no. 56727)

MARC details
000 -LEADER
fixed length control field 00548 a2200193 4500
082 ## - DEWEY DECIMAL CLASSIFICATION NUMBER
Classification number 517.355
Item number C238i
100 ## - MAIN ENTRY--PERSONAL NAME
Personal name Carslaw, Horatio Scott, 1870-
245 ## - TITLE STATEMENT
Title Introduction to the theory of Fourier's series and integrals
250 ## - EDITION STATEMENT
Edition statement 3rd rev.ed.
260 ## - PUBLICATION, DISTRIBUTION, ETC.
Place of publication, distribution, etc. New York
Name of publisher, distributor, etc. Dover
Date of publication, distribution, etc. 1930
300 ## - PHYSICAL DESCRIPTION
Extent xiii,368p.
504 ## - BIBLIOGRAPHY, ETC. NOTE
Bibliography, etc. note Includes bibliographies
650 ## - SUBJECT ADDED ENTRY--TOPICAL TERM
Topical term or geographic name entry element Linear algebra
9 (RLIN) 7121
650 ## - SUBJECT ADDED ENTRY--TOPICAL TERM
Topical term or geographic name entry element Integral equations
9 (RLIN) 7733
650 ## - SUBJECT ADDED ENTRY--TOPICAL TERM
Topical term or geographic name entry element Trigonometry
9 (RLIN) 7968
653 ## - INDEX TERM--UNCONTROLLED
Uncontrolled term Mathematics
654 ## - SUBJECT ADDED ENTRY--FACETED TOPICAL TERMS
Focus term Fourier's series
9 (RLIN) 14079
942 ## - ADDED ENTRY ELEMENTS (KOHA)
Source of classification or shelving scheme Dewey Decimal Classification
Koha item type General Collections
Holdings
Withdrawn status Lost status Source of classification or shelving scheme Damaged status Not for loan Home library Current library Date acquired Total Checkouts Full call number Barcode Date last seen Price effective from Koha item type
    Dewey Decimal Classification     Tribhuvan University Central Library Tribhuvan University Central Library 02/08/2011   517.355 C238i 22628 02/08/2011 02/08/2011 General Collections